Parks and Recreation Families - Statistics

General Stats
  • This quiz has been taken 63 times
  • The average score is 16 of 26
Answer Stats
Hint Answer % Correct
Wife Leslie Knope
100%
Husband Ben Wyatt
98%
Daughter Leslie Perkins-Traeger
98%
Husband Andy Dwyer
97%
Wife Ann Perkins
95%
Wife April Ludgate
95%
Husband Chris Traeger
95%
Husband Jerry Gergich
92%
Husband Ron Swanson
92%
Wife Donna Meagle
80%
Husband Tom Haverford
80%
Wife Diane Lewis
72%
Wife Gayle Gergich
67%
Daughter Millicent Gergich
62%
Son Jack Dwyer
58%
Son Jack Swanson
58%
Wife Lucy Santo Domingo
52%
Husband Joe
48%
Son Oliver Perkins-Traeger
42%
Daughter Ivy Lewis
32%
Daughter Zoe Lewis
23%
Daughter Gladys Gergich
20%
Daughter Sonia Knope-Wyatt
20%
Daughter Miriam Gergich
17%
Son Wesley Knope-Wyatt
17%
Son Stephen Knope-Wyatt
15%
No matching quizzes found
Score Distribution
Percent of People with Each Score
Percentile by Number Answered
Your Score History
You have not taken this quiz